Statistics for Countries that start with C

Click here to take the quiz!

General Stats

  • This quiz has been taken 77 times
  • The average score is 13 of 17

Answer Stats

HintAnswer% Correct
5Canada
91%
9China
91%
3Cambodia
89%
14Croatia
89%
10Columbia
88%
8Chile
86%
17Czechia
86%
4Cameroon
82%
7Chad
80%
15Cuba
77%
13Costa Rica
75%
16Cyprus
71%
11Comoros
70%
6Central African
Republic
64%
12Congo
59%
2Cabo Verde
50%
1Cote d'Iviore
14%

Score Distribution

Percentile by Number Answered

Percent of People with Each Score

Your Score History

You have not taken this quiz